| 000 | 00453cam a22001577a 4500 | ||
|---|---|---|---|
| 008 | 180718b1998 xxu||||| |||| 00| 0 eng d | ||
| 020 | _a8174888918 | ||
| 082 | _aB1243x54 M474 | ||
| 100 | _aMehta, Dharma Veer | ||
| 245 |
_aSociology of communal violence _cby Dharma Veer Mehta and edited by J.K. Misra |
||
| 260 |
_aNew Delhi _bAnmol _c1998 |
||
| 300 | _a224p. | ||
| 650 | _aViolence - India | ||
| 650 | _aCommunalism - India | ||
| 700 | _aMisra, J.K. | ||
| 999 |
_c384832 _d384832 |
||